| 000 | 01452nam a22003857a 4500 | ||
|---|---|---|---|
| 001 | 000098944 | ||
| 003 | CHAP | ||
| 005 | 20220329143343.0 | ||
| 008 | 081121s2004 mx a r 000 0 spa d | ||
| 010 | _a95409 | ||
| 011 | _a96381 | ||
| 020 | _a9703219993 | ||
| 035 | _a107033 | ||
| 040 | _cCHAP | ||
| 082 | 0 | 4 |
_a575.1 _bR63 |
| 100 | 1 |
_aRodríguez Arnaiz, Rosario. _998297 |
|
| 245 | 1 | 0 |
_aConceptos básicos de genética / _c/ por Rosario Rodríguez Arnaiz, América Castañeda Sortibrán y María Guadalupe Ordáz Téllez. |
| 260 |
_aMéxico D.F. : _bUNAM. Facultad de Ciencias, _c2004. |
||
| 300 |
_axi, 263 p. : _bilus. ; gráfs. |
||
| 590 |
_aBATCH-UPD _b10 _c20130110 _lUCH01 _h1319 |
||
| 590 |
_aBATCH-UPD _b10 _c20130410 _lUCH01 _h0829 |
||
| 590 |
_aBATCH-UPD _b10 _c20130914 _lUCH01 _h0631 |
||
| 590 |
_aCONVERSION _b10 _c20130109 _lUCH01 _h1353 |
||
| 590 |
_aE11695DGD _b10 _c20131009 _lUCH01 _h0912 |
||
| 590 |
_aE11695DGD _b10 _c20131010 _lUCH01 _h1056 |
||
| 650 | 1 | 4 |
_aGenética. _947469 |
| 700 | 1 |
_aCastañeda Sortibrán, América. _919942 |
|
| 700 | 1 |
_aOrdáz Téllez, María Guadalupe. _983432 |
|
| 901 | _aBK | ||
| 942 | _cLIBRO | ||
| 942 | _n0 | ||
| 949 |
_a575.1 R63 _bBC _cLIBRO _d33724002076819 _eLIBRO _fc.3 _gI.c/e _h109916 _i107033 _si _t$200.00 |
||
| 949 |
_a575.1 R63 _bBC _cLIBRO _d33724002076850 _eLIBRO _fc.2 _gI.c/e _h109915 _i107033 _si _t$200.00 |
||
| 949 |
_a575.1 R63 _bBC _cLIBRO _d33724002077587 _eLIBRO _gI.c/e _h109914 _i107033 _so _t$200.00 |
||
| 999 |
_c95409 _d95409 |
||